000 00503nam a22002057a 4500
003 LK-CoDNM
005 20241219110757.0
008 241219b |||||||| |||| 00| 0 eng d
040 _aLK-CoDNM
_dLK-CoDNM
_eLK-CoDNM
041 _aeng
080 _a2
_bD21
100 _aT.Southwell
245 _aThe Fauna Of British India
260 _aLondon
_bRed lion court
_c1930
300 _axxvi, 391p. : ill , map ; 21 cm
490 _vVolume 1
650 _aScience
650 _a1930
942 _cBK
999 _c233589
_d233589